Orientaciones pedagógicas para el mejoramiento del desempeño en la práctica profesional de los docentes del área técnico profesional: Mecánica

Uloženo v:
Podrobná bibliografie
Hlavní autoři: Meyer Aguilera, Eduardo Christian (autor), Contreras Guzmán, David (Autor), Sandoval, Katia (Autor)
Další autoři: Garrido Miranda, José Miguel (autor), Quiroga Lobos, Marta Elsa (autora), Núñez Tapia, Livio Arístides (autor)
Médium: Kniha
Jazyk:španělština
Vydáno: Santiago Grupo Santillana 2004
Edice:Documentos de Trabajo. Curso de Perfeccionamiento Virtual
Témata:
Tagy: Přidat tag
Žádné tagy, Buďte první, kdo vytvoří štítek k tomuto záznamu!

MARC

LEADER 00000cam a2200000 a 4500
001 UCK3635
003 CL-VaPUC
008 050506e20040000CL |||||||||||||||||spa|d
082 0 4 |a 373.246  |b MEY  |2 21 
100 |a Meyer Aguilera, Eduardo Christian  |e autor  |9 617934 
700 |a Garrido Miranda, José Miguel  |e autor  |9 796933 
700 0 |a Contreras Guzmán, David  |e author  |9 491809 
700 0 |a Sandoval, Katia  |e author  |9 491810 
700 |a Quiroga Lobos, Marta Elsa  |e autora  |9 801303 
700 |a Núñez Tapia, Livio Arístides  |e autor  |9 757738 
245 1 0 |a Orientaciones pedagógicas para el mejoramiento del desempeño en la práctica profesional de los docentes del área técnico profesional: Mecánica 
246 1 0 |a Capacitación continua virtual para docentes del área técnico profesional 
300 |a pág. irreg 
942 |c BK 
945 |d 20050506 00:00:00  |a cmena 
260 |a Santiago  |b Grupo Santillana  |c 2004 
500 |a Proyecto FONDEF N§ D001 1045 
500 |a Incluye: 
500 |a Metodología para el trabajo de aula 
500 |a Mantención de motores 
500 |a Mantenimiento de los sistemas de transmisión y frenado 
500 |a Mantenimiento de los sistemas auxiliares del motor 
500 |a Circuitos electrotécnicos básicos y mantenimiento de los sistemas de carga y arranque del vehículo 
650 0 |a Mecánica   |9 260096 
650 7 |a MECANICA AUTOMOTRIZ  |2 CL-VaPUC  |9 428677 
650 7 |a EDUCACION TECNICO PROFESIONAL  |2 CL-VaPUC  |9 345113 
650 0 |a Métodos de enseñanza  |9 270413 
650 0 |a Educación virtual  |9 491799 
650 0 |a Planificación del currículo  |9 269599 
650 0 |a Formación profesional de profesores  |9 307493 
650 0 |a Capacitación docente  |9 312871 
650 0 |a Innovaciones pedagógicas  |9 307471 
583 |a last modification  |c 20111202 10:41:43  |k Rodrigo Vera 
490 0 |a Documentos de Trabajo. Curso de Perfeccionamiento Virtual 
999 |c 312754  |d 312752 
952 |0 0  |1 0  |4 0  |6 373_246000000000000_MEY_2004  |7 0  |8 X  |9 383475  |a BIBING  |b BIBING  |d 2019-11-21  |i 4120051  |o 373.246 MEY 2004  |p 4120051  |r 2025-01-20  |w 2019-11-21  |y BK_X  |k ING 
952 |0 0  |1 0  |4 0  |6 373_246000000000000_MEY_2004  |7 0  |8 P  |9 383476  |a BIBEDU  |b BIBEDU  |c BIBEDU_PB  |d 2019-11-21  |i 4805267  |o 373.246 MEY 2004  |p 4805267  |r 2024-01-25  |w 2019-11-21  |y BK  |k EPE